Loading...
| History - European | 0 | 6 | 0 | 2 | 60 | 58 | 97.17 | 2 | 4 | 0.06 | 3.70 |
| History - World | 0 | 6 | 1 | 0 | 55 | 67 | 80.33 | 0 | 2 | 2.76 | 6.48 |
| Fine Arts - Other | 0 | 5 | 0 | 1 | 50 | 98 | 126.00 | 0 | 4 | 0.00 | 0.00 |
| Religion | 0 | 5 | 0 | 3 | 50 | 91 | 117.40 | 0 | 3 | 0.00 | 0.00 |
| Philosophy | 0 | 5 | 0 | 1 | 50 | 70 | 102.00 | 2 | 2 | 0.00 | 0.00 |
| Science - Biology | 0 | 5 | 2 | 0 | 40 | 39 | 56.40 | 5 | 5 | 3.61 | 15.74 |
| Science - Other | 0 | 4 | 0 | 1 | 40 | 77 | 100.00 | 1 | 2 | 0.00 | 0.00 |
| Literature - European | 0 | 3 | 0 | 0 | 30 | 107 | 118.67 | 0 | 0 | 0.00 | 0.00 |
| Literature - World/Other | 0 | 3 | 0 | 1 | 30 | 102 | 117.00 | 0 | 1 | 0.00 | 0.00 |
| History - American | 0 | 3 | 0 | 0 | 30 | 71 | 84.33 | 1 | 2 | 0.00 | 0.00 |
| Science - Chemistry | 0 | 4 | 2 | 1 | 30 | 47 | 85.50 | 1 | 2 | 0.13 | 4.04 |
| History - Other | 0 | 2 | 0 | 1 | 20 | 99 | 104.50 | 0 | 1 | 4.06 | 7.41 |
| Literature - British | 0 | 2 | 0 | 0 | 20 | 90 | 94.00 | 0 | 1 | 0.00 | 0.00 |
| Science - Physics | 0 | 3 | 2 | 0 | 20 | 95 | 107.00 | 0 | 1 | 0.18 | 6.67 |
| Mythology | 0 | 2 | 1 | 0 | 15 | 94 | 101.50 | 0 | 0 | 0.00 | 0.00 |
| Fine Arts - Classical Music | 0 | 1 | 0 | 0 | 10 | 135 | 135.00 | 0 | 0 | 0.00 | 0.00 |
| Fine Arts - Visual | 0 | 1 | 0 | 0 | 10 | 92 | 92.00 | 0 | 0 | 0.00 | 0.00 |
| Other Academic | 0 | 1 | 0 | 0 | 10 | 106 | 106.00 | 0 | 0 | 0.10 | 1.85 |
| Pop Culture | 0 | 1 | 0 | 0 | 10 | 44 | 44.00 | 0 | 1 | 0.00 | 0.00 |
| Social Science | 0 | 0 | 2 | 0 | -10 | 0.00 | 0 | 0 | 0.00 | 0.00 |